|
|
|
|
| LEADER |
00000nam a2200000Ii 4500 |
| 001 |
DIGLINK00833 |
| 003 |
NyNyDIG |
| 006 |
m o d |
| 007 |
cr ||||||||||| |
| 008 |
140401s2011 sp o 000 0 spa d |
| 020 |
|
|
|a 9788498979855
|q (eBook)
|
| 020 |
|
|
|z 9788498169980
|
| 040 |
|
|
|a DGITA
|b eng
|e pn
|c DGITA
|
| 050 |
1 |
4 |
|a BX4705.A48 eBook
|
| 100 |
1 |
|
|a Puente, Luis de la,
|d 1554-1624.
|
| 245 |
1 |
0 |
|a Vida del padre Baltasar Alvarez /
|c Luis de la Puente.
|
| 264 |
|
1 |
|a Barcelona :
|b www.Linkgua.com,
|c 2011.
|
| 300 |
|
|
|a 1 online resource (464 pages)
|
| 336 |
|
|
|a text
|b txt
|2 rdacontent
|
| 337 |
|
|
|a computer
|b c
|2 rdamedia
|
| 338 |
|
|
|a online resource
|b cr
|2 rdacarrier
|
| 490 |
1 |
|
|a Memoria.
|
| 600 |
1 |
0 |
|a Alvarez, Baltasar,
|d b. 1533.
|
| 610 |
2 |
0 |
|a Catholic Church
|x Clergy
|v Biography.
|
| 650 |
|
0 |
|a Clergy
|z Spain
|v Biography.
|
| 655 |
|
0 |
|a Electronic books.
|
| 791 |
2 |
|
|a Digitalia (Firm),
|e distributor.
|
| 830 |
|
0 |
|a Memoria (Linkgua Ediciones)
|
| 793 |
0 |
|
|g Digitalia eBook Collection:
|a Linkgua.
|
| 856 |
4 |
0 |
|3 Digitalia Hispánica
|u https://www.digitaliapublishing.com/a/13481/
|
| 910 |
|
|
|a Premium Collection: 2007-2012
|